[Event "Wch U14 Girls rapid"]
[Site "Rhodes"]
[Date "2022.05.01"]
[Round "3"]
[White "Barbier Ramaiah, Riya Aude"]
[Black "Karas, Eugenia"]
[Result "0-1"]
[WhiteElo "1128"]
[BlackElo "1578"]
[PlyCount "54"]
[EventDate "2022.05.01"]
[EventType "swiss (rapid)"]
[EventRounds "9"]
[EventCountry "GRE"]
[SourceTitle "CBM 208 Extra"]
[Source "ChessBase"]
[SourceDate "2022.07.31"]
[SourceVersion "1"]
[SourceVersionDate "2022.07.31"]
[SourceQuality "1"]

1. e4 e6 2. d4 d5 3. Nc3 Bb4 4. e5 Qd7 5. Nf3 b6 6. a3 Bxc3+ 7. bxc3 Ba6 8. Bxa6 Nxa6 9. 0-0 c5 10. Bd2 Ne7 11. Qe2 Nc7 12. Rfe1 Qb5 13. Qxb5+ Nxb5 14. a4 Nc7 15. Rad1 0-0 16. Bg5 Nc6 17. h3 h6 18. Be3 cxd4 19. cxd4 Na5 20. Nd2 Rfc8 21. Rc1 Na6 22. c3 Rc7 23. Rc2 Rac8 24. Rec1 Nc4 25. Nxc4 Rxc4 26. a5 Nb4 27. Rd2 bxa5 0-1

[Event "EU-ch Schools U13 Girls"]
[Site "Rhodes"]
[Date "2022.04.29"]
[Round "9"]
[White "Eshkol, Lilian"]
[Black "Barbier Ramaiah, Riya Aude"]
[Result "1-0"]
[WhiteElo "1636"]
[BlackElo "1210"]
[PlyCount "75"]
[EventDate "2022.04.21"]
[EventType "swiss"]
[EventRounds "9"]
[EventCountry "GRE"]
[SourceTitle "CBM 208 Extra"]
[Source "ChessBase"]
[SourceDate "2022.07.31"]
[SourceVersion "1"]
[SourceVersionDate "2022.07.31"]
[SourceQuality "1"]

1. d4 Nf6 2. c4 g6 3. Nc3 Bg7 4. Nf3 d6 5. e3 0-0 6. Be2 Nbd7 7. 0-0 e5 8. b3 e4 9. Nd2 Re8 10. Qc2 Qe7 11. Bb2 c6 12. Rac1 a6 13. b4 d5 14. c5 Nf8 15. a4 h5 16. Rfe1 Bf5 17. b5 h4 18. h3 N8h7 19. Nf1 Ng5 20. Qd1 Qd7 21. Nh2 axb5 22. axb5 Ra5 23. Na4 cxb5 24. Nb6 Qc6 25. Qb3 Nd7 26. Bc3 Ra7 27. Bxb5 Qc7 28. Nxd5 Qd8 29. Bb4 Nf6 30. Nxf6+ Bxf6 31. Bxe8 Qxe8 32. Ra1 Rxa1 33. Rxa1 Qd7 34. Ra8+ Kg7 35. Qa4 Bxh3 36. gxh3 Qxh3 37. Qe8 Kh6 38. Qc8 1-0

[Event "EU-ch Schools U13 Girls"]
[Site "Rhodes"]
[Date "2022.04.21"]
[Round "1"]
[White "Kirtadze, Anastasia"]
[Black "Barbier Ramaiah, Riya Aude"]
[Result "1-0"]
[WhiteElo "1783"]
[BlackElo "1210"]
[PlyCount "63"]
[EventDate "2022.04.21"]
[EventType "swiss"]
[EventRounds "9"]
[EventCountry "GRE"]
[SourceTitle "CBM 208 Extra"]
[Source "ChessBase"]
[SourceDate "2022.07.31"]
[SourceVersion "1"]
[SourceVersionDate "2022.07.31"]
[SourceQuality "1"]

1. e4 c6 2. d4 d5 3. Nc3 dxe4 4. Nxe4 Bf5 5. Ng3 Bg6 6. h4 h6 7. Nf3 Nd7 8. h5 Bh7 9. Bd3 Bxd3 10. Qxd3 Ngf6 11. Bf4 e6 12. 0-0 Be7 13. Rfe1 0-0 14. a3 Qb6 15. b4 Rfd8 16. Qb3 Nd5 17. Bd2 Qc7 18. c4 N5f6 19. Rac1 Qb6 20. Qc3 Rac8 21. Bf4 a6 22. Ne5 Kf8 23. Rcd1 Qa7 24. Qf3 Nb6 25. Ne4 a5 26. Bxh6 Kg8 27. Bxg7 Kxg7 28. Nxf6 Bxf6 29. h6+ Kf8 30. Qxf6 Rd7 31. h7 Nd5 32. h8Q# 1-0

[Event "London Mill Hill op U1900"]
[Site "London"]
[Date "2022.03.27"]
[Round "4"]
[White "Barbier Ramaiah, Riya Aude"]
[Black "Faulkner, David J"]
[Result "0-1"]
[WhiteElo "1205"]
[BlackElo "1887"]
[PlyCount "122"]
[EventDate "2022.03.26"]
[EventType "swiss"]
[EventRounds "5"]
[EventCountry "ENG"]
[SourceTitle "EXT 2024"]
[Source "ChessBase"]
[SourceDate "2023.10.10"]
[SourceVersion "1"]
[SourceVersionDate "2023.10.10"]
[SourceQuality "1"]

1. e4 Nf6 2. Nc3 d6 3. Nf3 g6 4. d4 Bg7 5. Bc4 0-0 6. 0-0 Nxe4 7. Nxe4 d5 8. Bxd5 Qxd5 9. Nc3 Qh5 10. Ne5 Qxd1 11. Rxd1 c6 12. Bf4 Bf5 13. Rd2 Rd8 14. Rad1 Nd7 15. Ne2 Bxc2 16. Rxc2 Nxe5 17. b3 Nd7 18. Rcd2 Nf6 19. Ng3 Nd5 20. Be3 f5 21. Ne2 Rd7 22. Nf4 Kf7 23. Nxd5 Rxd5 24. f3 Rad8 25. Kf1 e5 26. dxe5 Rxd2 27. Rxd2 Rxd2 28. Bxd2 Bxe5 29. h3 Ke6 30. Ke2 Kd5 31. Kd3 b5 32. b4 a6 33. Bc3 Bd6 34. Bd2 c5 35. bxc5 Bxc5 36. Ba5 Bd6 37. Kc3 Be5+ 38. Kb4 Bg3 39. Bb6 Be1+ 40. Kb3 a5 41. a4 bxa4+ 42. Kxa4 Kc4 43. Bc7 Kd3 44. g4 Ke3 45. f4 Bg3 46. Kxa5 Bxf4 47. gxf5 Bxc7+ 48. Kb5 gxf5 49. Kc4 f4 50. Kc3 Ba5+ 51. Kc4 f3 52. Kd5 f2 53. Ke6 f1Q 54. h4 Qh3+ 55. Kd5 Qxh4 56. Ke5 Qg5+ 57. Ke6 Kd4 58. Kd7 Kd5 59. Ke8 Ke6 60. Kf8 Bb4+ 61. Ke8 Qe7# 0-1

[Event "London Mill Hill op U1900"]
[Site "London"]
[Date "2022.03.27"]
[Round "5"]
[White "Lishoy Gengis Paratazham, Dildarav"]
[Black "Barbier Ramaiah, Riya Aude"]
[Result "1-0"]
[WhiteElo "1342"]
[BlackElo "1205"]
[PlyCount "119"]
[EventDate "2022.03.26"]
[EventType "swiss"]
[EventRounds "5"]
[EventCountry "ENG"]
[SourceTitle "EXT 2024"]
[Source "ChessBase"]
[SourceDate "2023.10.10"]
[SourceVersion "1"]
[SourceVersionDate "2023.10.10"]
[SourceQuality "1"]

1. d4 Nf6 2. c4 g6 3. Nc3 Bg7 4. e4 d6 5. f3 0-0 6. Bd3 Nbd7 7. Nge2 e5 8. 0-0 c6 9. d5 Qc7 10. b4 Qb6+ 11. Kh1 Qxb4 12. Be3 Qa5 13. Qa4 Qxa4 14. Nxa4 Ne8 15. Rab1 f5 16. c5 cxd5 17. exd5 Nxc5 18. Nxc5 dxc5 19. Bxc5 Rf6 20. Be7 Rf7 21. Bc5 Rd7 22. Bb5 Rxd5 23. Bc4 Nf6 24. Nc3 Kh8 25. Nxd5 Be6 26. Nc7 Bxc4 27. Nxa8 Bxf1 28. Rxf1 b6 29. Bd6 Ne8 30. Rd1 e4 31. fxe4 fxe4 32. Nc7 Nxd6 33. Rxd6 Be5 34. Re6 Bxc7 35. Re8+ Kg7 36. Re7+ Kf6 37. Rxc7 Kf5 38. Kg1 Kf4 39. Kf2 a5 40. Rxh7 b5 41. Rf7+ Ke5 42. Rb7 Kd4 43. Rxb5 Kd3 44. Ke1 a4 45. h4 Kc4 46. h5 gxh5 47. Rxh5 Kb4 48. g4 Ka3 49. Rh2 e3 50. g5 e2 51. Rxe2 Kb4 52. g6 Kc5 53. g7 Kd4 54. g8Q Kc5 55. Re5+ Kd4 56. Qd5+ Kc3 57. Re3+ Kb2 58. Qd2+ Kb1 59. Rc3 a3 60. Rc1# 1-0

[Event "London Mill Hill op U1900"]
[Site "London"]
[Date "2022.03.26"]
[Round "2"]
[White "Barbier Ramaiah, Riya Aude"]
[Black "Passariello, Andrea"]
[Result "1-0"]
[WhiteElo "1205"]
[BlackElo "1415"]
[PlyCount "81"]
[EventDate "2022.03.26"]
[EventType "swiss"]
[EventRounds "5"]
[EventCountry "ENG"]
[SourceTitle "EXT 2024"]
[Source "ChessBase"]
[SourceDate "2023.10.10"]
[SourceVersion "1"]
[SourceVersionDate "2023.10.10"]
[SourceQuality "1"]

1. e4 b6 2. Nf3 Bb7 3. Nc3 e6 4. d4 Bb4 5. Bd3 Nf6 6. Qe2 d5 7. exd5 Nxd5 8. Bd2 Bxc3 9. bxc3 Nd7 10. c4 N5f6 11. 0-0 0-0 12. Rfe1 c5 13. c3 Qc7 14. Rac1 h6 15. Ne5 Nxe5 16. Qxe5 Qxe5 17. dxe5 Nh7 18. Re3 Rfd8 19. Rg3 Kh8 20. Rf1 Rd7 21. Bc1 Rad8 22. Bc2 Ba6 23. Bb3 Rd3 24. f4 Rxg3 25. hxg3 Rd3 26. Rf3 Rd8 27. g4 Bb7 28. Re3 Ba6 29. Re2 Bxc4 30. Bxc4 Rd1+ 31. Kf2 Rxc1 32. Rd2 Nf8 33. Rd3 Rc2+ 34. Kf3 Rb2 35. f5 b5 36. Rd8 bxc4 37. Rxf8+ Kh7 38. Rxf7 exf5 39. gxf5 Kg8 40. Rxa7 Rc2 41. Ra3 1-0